| 000 | 00496cam a22002052a 4500 | ||
|---|---|---|---|
| 001 | 025003 | ||
| 003 | AR-FADEU | ||
| 005 | 20181108101411.0 | ||
| 008 | 311216n1984####xxu####################dd | ||
| 040 | _cBiblioteca Ernesto Sábato | ||
| 092 |
_aA863.44 _bP386 _eJRR |
||
| 100 | _aPellegrini, Jorge | ||
| 245 | _aGeronima | ||
| 260 | _aGeneral Roca | ||
| 260 | _bEstrada | ||
| 260 | _c1984 | ||
| 300 | _a39 p. | ||
| 650 | _aCULTURA MAPUCHE; SALUD-ENFERMEDAD/JLS/ | ||
| 942 |
_cJRR _2ddc |
||
| 999 |
_c33135 _d33135 |
||